International economics
Na minha lista:
| Autor principal: | |
|---|---|
| Outros Autores: | , |
| Formato: | Livro |
| Idioma: | inglês |
| Publicado em: |
New York
McGraw-Hill
2006
|
| Edição: | 5th ed. |
| Assuntos: | |
| Tags: |
Sem tags, seja o primeiro a adicionar uma tag!
|
MARC
| LEADER | 00000nam$a2200000$$$4500 | ||
|---|---|---|---|
| 001 | 0047122 | ||
| 005 | 20240306135736.5 | ||
| 020 | |a 0-07-111093-3 | ||
| 041 | 0 | |a eng | |
| 044 | |a US | ||
| 245 | 1 | 0 | |a International economics |c Dennis R. Appleyard, Alfred J. Field Jr., Steven L. Cobb |
| 250 | |a 5th ed. | ||
| 264 | 1 | |a New York |b McGraw-Hill |c 2006 | |
| 300 | |a xxvii, 784 s. | ||
| 610 | 2 | 0 | |a politika hospodárska medzinárodná |
| 610 | 2 | 0 | |a hospodárstvo svetové |
| 610 | 2 | 0 | |a obchod medzinárodný |
| 610 | 2 | 0 | |a politika obchodná |
| 610 | 2 | 0 | |a integrácia ekonomická medzinárodná |
| 610 | 2 | 0 | |a hospodárstvo devízové |
| 610 | 2 | 0 | |a trh finančný medzinárodný |
| 610 | 2 | 0 | |a trh devízový |
| 610 | 2 | 0 | |a hospodárstvo otvorené |
| 100 | 1 | |a Appleyard, Dennis R. | |
| 700 | 1 | |a Field, Alfred J., Jr. | |
| 700 | 1 | |a Cobb, Steven L. | |